| 000 | 00713nam a2200229 a 4500 | ||
|---|---|---|---|
| 999 |
_c1683 _d1683 |
||
| 001 | 1683 | ||
| 003 | BD-JhCC | ||
| 005 | 20171023142528.0 | ||
| 008 | 171023s2007 bg |||| ||a| 00| 0 ben d | ||
| 020 | _a9840745581 | ||
| 035 | _a(BD-JhCC)1683 | ||
| 040 |
_aBD-JhCC _dBD-JhCC |
||
| 041 | _aben | ||
| 082 |
_a891.4409 _bHOS 2007 |
||
| 100 | _aহোসেন, আনু | ||
| 245 |
_aবাংলাদেশের কবিতা; _bলোকসংস্কৃতির নন্দনতত্ত্ব / _cআনু হোসেন |
||
| 260 |
_aঢকা : _bবাংলা একাডেমী, _c2007. |
||
| 300 |
_a379 p. : _c22 p. |
||
| 650 | _aBengali liturature | ||
| 942 |
_2ddc _cBK |
||